000 01017nam a2200265Ia 4500
003 OSt
005 20221005104321.0
006 a|||||r|||| 00| 0
007 ta
008 221004b |||||||| |||| 00| 0 hin d
020 _a9789352664429 (hbk)
_cINR 500.00
024 _a66440
037 _bGV726, 11/03/2020, Vani Prakashan
_cTextual
040 _aCRL
_cCRL
_bhin
041 _2hin
_ahin
082 _aS, 152Q7
100 _aकैनफील्ड, जैक, ले.
245 0 _aमनचाहे लक्ष्य प्राप्त करने की जादुई पुस्तक
246 _aManachāhe lakṣhya prāpta karane kī jāduī pustaka
260 _aदिल्ली
_bप्रभात प्रकाशन भारत
_c2017
300 _a246पृ0
_ccm.
650 _aमनोविज्ञान
942 _hS, 152Q7
_cTEXL
_2cc
999 _c1012349
_d1012349